Az állampolgári nevelés Magyar Társadalomtudományi Szemle, 1913. dec. /

Elmentve itt :
Bibliográfiai részletek
Szerző: Krisztics Sándor
Dokumentumtípus: Cikk
Megjelent: 1914
Sorozat:Magyar pedagógia : a Magyar Tudományos Akadémia Pedagógiai Bizottságának folyóirata 23
Kulcsszavak:Pedagógiai szakirodalom magyar lapszemle 1914, Lapszemle
Online Access:http://misc.bibl.u-szeged.hu/9239
LEADER 00734nab a2200181 i 4500
001 misc9239
005 20191106143525.0
008 170607s1914 hu o 0|| hun d
022 |a 0025-0260 
040 |a SZTE Miscellanea Repozitórium  |b hun 
041 |a hun 
100 1 |a Krisztics Sándor 
245 1 3 |a Az állampolgári nevelés   |h [elektronikus dokumentum] :  |b Magyar Társadalomtudományi Szemle, 1913. dec. /  |c  Krisztics Sándor 
260 |c 1914 
300 |a 183-184 
490 0 |a Magyar pedagógia : a Magyar Tudományos Akadémia Pedagógiai Bizottságának folyóirata  |v 23 
695 |a Pedagógiai szakirodalom magyar lapszemle 1914, Lapszemle 
856 4 0 |u http://misc.bibl.u-szeged.hu/9239/1/mp_1914_2009_183-184.pdf  |z Dokumentum-elérés